[Event "Wroclaw Anderssen Memorial op-B"]
[Site "Wroclaw"]
[Date "2023.??.??"]
[Round "6"]
[White "Klys, Kacper"]
[Black "Kolendo, Kajetan"]
[Result "1-0"]
[WhiteElo "1482"]
[BlackElo "1239"]
[PlyCount "81"]
[EventDate "2023.08.06"]
[EventType "swiss"]
[EventRounds "9"]
[EventCountry "POL"]
[SourceTitle "EXT 2024"]
[Source "ChessBase"]
[SourceDate "2023.10.10"]
[SourceVersion "1"]
[SourceVersionDate "2023.10.10"]
[SourceQuality "1"]

1. d4 d5 2. c4 e6 3. Nc3 c5 4. cxd5 exd5 5. Nf3 Nc6 6. dxc5 d4 7. Na4 Bxc5 8. Nxc5 Qa5+ 9. Bd2 Qxc5 10. Rc1 Qb6 11. e3 Nf6 12. Bc4 0-0 13. 0-0 Rd8 14. Qc2 Nd5 15. Ng5 g6 16. e4 Nf6 17. Nxf7 Rf8 18. Bg5 Na5 19. Ne5+ Nxc4 20. Nxc4 Qe6 21. Rfe1 Bd7 22. Qd3 Bb5 23. b3 Ng4 24. f3 Ne5 25. Qxd4 Bxc4 26. bxc4 Rxf3 27. Qd5 Qxd5 28. cxd5 Ra3 29. Re2 b5 30. Rc7 Ra6 31. Bh6 Nf7 32. Bf4 Rf6 33. Bg3 Re8 34. e5 Nh6 35. Rxa7 Nf5 36. Rb2 Rb6 37. Bf2 Rbb8 38. e6 Nd6 39. Bg3 Rb6 40. Bxd6 Rxd6 41. Rxb5 1-0

[Event "Poznan op 26th"]
[Site "Poznan"]
[Date "2018.08.21"]
[Round "4"]
[White "Kolendo, Kajetan"]
[Black "Kugler, Pawel"]
[Result "0-1"]
[WhiteElo "1132"]
[BlackElo "1561"]
[PlyCount "54"]
[EventDate "2018.08.19"]
[EventType "swiss"]
[EventRounds "9"]
[EventCountry "POR"]
[SourceTitle "CBM 186 Extra"]
[Source "ChessBase"]
[SourceDate "2018.08.24"]
[SourceVersion "1"]
[SourceVersionDate "2018.08.24"]
[SourceQuality "1"]

1. e4 e6 2. d4 c5 3. Nf3 cxd4 4. Nxd4 b6 5. Nc3 Bb7 6. Bd3 a6 7. 0-0 Be7 8. f4 d6 9. f5 e5 10. Nf3 Nf6 11. Bg5 Nbd7 12. Qe2 Qc7 13. Rad1 b5 14. a3 Rc8 15. Rd2 h6 16. Bh4 0-0 17. Rfd1 Nc5 18. Bxf6 Bxf6 19. Qe3 Nxd3 20. Rxd3 Be7 21. R1d2 Kh7 22. Nd5 Bxd5 23. Rxd5 Qb7 24. Qf2 Rc6 25. Ne1 Qb8 26. Nd3 Bd8 27. Nb4 Bb6 0-1

[Event "Poznan op 26th"]
[Site "Poznan"]
[Date "2018.08.20"]
[Round "3"]
[White "Szafranski, Maciej"]
[Black "Kolendo, Kajetan"]
[Result "0-1"]
[WhiteElo "1425"]
[BlackElo "1132"]
[PlyCount "66"]
[EventDate "2018.08.19"]
[EventType "swiss"]
[EventRounds "9"]
[EventCountry "POR"]
[SourceTitle "CBM 186 Extra"]
[Source "ChessBase"]
[SourceDate "2018.08.24"]
[SourceVersion "1"]
[SourceVersionDate "2018.08.24"]
[SourceQuality "1"]

1. e4 e6 2. d4 d5 3. Nc3 Bb4 4. e5 c5 5. a3 cxd4 6. Qxd4 Nc6 7. Bb5 Bxc3+ 8. Qxc3 Nge7 9. Qg3 Qa5+ 10. c3 Qxb5 11. Ne2 Nf5 12. Qf4 Qc4 13. Qxc4 dxc4 14. 0-0 b5 15. g4 Nfe7 16. Ng3 Bb7 17. Be3 Na5 18. a4 Nb3 19. Rad1 Nd5 20. Bd4 bxa4 21. f4 0-0 22. f5 a6 23. h3 Rac8 24. Kh2 Rc6 25. Ne4 Nxd4 26. Rxd4 Rb6 27. Rf2 exf5 28. gxf5 Ne3 29. Nd6 Rb8 30. Kg3 Ba8 31. Re2 Rxd6 32. Rxd6 Nxf5+ 33. Kf4 Nxd6 0-1

[Event "Poznan op 26th"]
[Site "Poznan"]
[Date "2018.08.19"]
[Round "1"]
[White "Kacprzak, Karol1111"]
[Black "Kolendo, Kajetan"]
[Result "1-0"]
[WhiteElo "1799"]
[BlackElo "1132"]
[PlyCount "41"]
[EventDate "2018.08.19"]
[EventType "swiss"]
[EventRounds "9"]
[EventCountry "POR"]
[SourceTitle "CBM 186 Extra"]
[Source "ChessBase"]
[SourceDate "2018.08.24"]
[SourceVersion "1"]
[SourceVersionDate "2018.08.24"]
[SourceQuality "1"]

1. e4 e6 2. d4 d5 3. Nc3 Bb4 4. e5 c5 5. Bd2 cxd4 6. Nb5 Bc5 7. b4 Be7 8. Nxd4 Qc7 9. f4 f6 10. Ngf3 Nc6 11. c3 Bd7 12. b5 Nxd4 13. cxd4 Nh6 14. Bd3 Qb6 15. a4 fxe5 16. a5 Qc7 17. Nxe5 0-0 18. 0-0 Nf5 19. Rc1 Qd8 20. Rf3 Nxd4 21. Bxh7+ 1-0